[Event "Obert Pobla de Lillet 2016"]
[Site "La Pobla de Lillet ESP"]
[Date "2016.08.06"]
[Round "5.4"]
[White "Capellades Subirana, M."]
[Black "Renteria Becerra, J."]
[Result "1-0"]
[WhiteElo "2148"]
[BlackElo "2264"]
[PlyCount "65"]
[EventDate "2016.08.02"]
[EventType "swiss"]
[EventRounds "9"]
[EventCountry "ESP"]
[SourceTitle "Ajedrez en Madrid"]
[Source "lmi"]
[SourceDate "2016.08.02"]

1. e4 c5 2. Nf3 d6 3. d4 cxd4 4. Nxd4 Nf6 5. Nc3 a6 6. Bd3 e5 7. Nde2 Be7 8.
O-O b5 9. h3 h5 10. a4 b4 11. Nd5 Nxd5 12. exd5 Bb7 13. c4 a5 14. f4 Nd7 15.
Ng3 g6 16. f5 h4 17. fxg6 hxg3 18. gxf7+ Kf8 19. Qg4 Bf6 20. Qg6 Qb6+ 21. Kh1
Bg7 22. Rf3 e4 23. Rxg3 Bf6 24. Bh6+ Rxh6 25. Qxh6+ Ke7 26. Re1 Rf8 27. Bxe4
Qf2 28. Rge3 Ne5 29. R3e2 Qg3 30. c5 Rh8 31. f8=Q+ Rxf8 32. cxd6+ Kf7 33. Qh5+
1-0

[Event "Obert Pobla de Lillet 2016"]
[Site "La Pobla de Lillet ESP"]
[Date "2016.08.06"]
[Round "5.5"]
[White "Perez Garcia, A."]
[Black "Moya Arau, C."]
[Result "1/2-1/2"]
[WhiteElo "2073"]
[BlackElo "2017"]
[PlyCount "49"]
[EventDate "2016.08.02"]
[EventType "swiss"]
[EventRounds "9"]
[EventCountry "ESP"]
[SourceTitle "Ajedrez en Madrid"]
[Source "lmi"]
[SourceDate "2016.08.02"]

1. e4 c5 2. Nf3 a6 3. c3 d5 4. exd5 Qxd5 5. d4 g6 6. Nbd2 cxd4 7. Bc4 Qa5 8.
Qb3 e6 9. cxd4 Nf6 10. Ne5 Bg7 11. Qf3 O-O 12. O-O Nbd7 13. Nxd7 Nxd7 14. Nb3
Qc7 15. Bd3 e5 16. Be3 exd4 17. Bxd4 Bxd4 18. Nxd4 Qd6 19. Nb3 Ne5 20. Qg3 Qxd3
21. Qxe5 Qf5 22. Qc7 Be6 23. Nd4 Qd5 24. Nxe6 Qxe6 25. Qa5 1/2-1/2

[Event "Obert Pobla de Lillet 2016"]
[Site "La Pobla de Lillet ESP"]
[Date "2016.08.06"]
[Round "5.6"]
[White "Vargas Drechsler, C."]
[Black "Rodriguez Gonzalez, J."]
[Result "1-0"]
[WhiteElo "1925"]
[BlackElo "2306"]
[PlyCount "73"]
[EventDate "2016.08.02"]
[EventType "swiss"]
[EventRounds "9"]
[EventCountry "ESP"]
[SourceTitle "Ajedrez en Madrid"]
[Source "lmi"]
[SourceDate "2016.08.02"]

1. e4 e5 2. f4 exf4 3. Nf3 Nf6 4. e5 Nh5 5. d4 d5 6. Bd3 g6 7. O-O Bg7 8. Nc3
O-O 9. Ne2 g5 10. Nxg5 Qxg5 11. Nxf4 Nxf4 12. Bxf4 Qh4 13. Qd2 c5 14. Bg5 Qxd4+
15. Kh1 Nc6 16. Bf6 Qg4 17. Rf4 Qh5 18. Rh4 Qxh4 19. Bxh4 Nxe5 20. Be7 Re8 21.
Bxc5 Nxd3 22. Qxd3 Bxb2 23. Qg3+ Kh8 24. c3 Re4 25. Rb1 b6 26. Bf8 Bg4 27. Bh6
Rg8 28. Rxb2 Bh3 29. gxh3 Rxg3 30. hxg3 f6 31. Rf2 Re6 32. g4 Kg8 33. g5 Kf7
34. Rxf6+ Rxf6 35. gxf6 Kxf6 36. Kg2 Kf5 37. Kf3 1-0

[Event "Obert Pobla de Lillet 2016"]
[Site "La Pobla de Lillet ESP"]
[Date "2016.08.06"]
[Round "5.7"]
[White "Collell Rodriguez, V."]
[Black "Travesset Ribera, D."]
[Result "1/2-1/2"]
[WhiteElo "1860"]
[BlackElo "2139"]
[PlyCount "63"]
[EventDate "2016.08.02"]
[EventType "swiss"]
[EventRounds "9"]
[EventCountry "ESP"]
[SourceTitle "Ajedrez en Madrid"]
[Source "lmi"]
[SourceDate "2016.08.02"]

1. e4 c5 2. Nf3 Nc6 3. d4 cxd4 4. Nxd4 d5 5. exd5 Qxd5 6. Be3 e6 7. Nc3 Bb4 8.
Qg4 Qe5 9. O-O-O Nge7 10. Bf4 Qf6 11. Bg5 Qg6 12. Nxc6 Nxc6 13. Bd3 f5 14. Qg3
Bxc3 15. bxc3 O-O 16. Bc4 Na5 17. Bb3 Nxb3+ 18. cxb3 e5 19. Bd2 Qxg3 20. hxg3
Bd7 21. Rhe1 e4 22. Be3 Bc6 23. Rd6 Rfd8 24. Red1 Rxd6 25. Rxd6 Kf7 26. Kd2 a6
27. c4 Re8 28. Kc3 Re6 29. Rxe6 Kxe6 30. Kd4 h6 31. Kc3 g5 32. Kd4 1/2-1/2

[Event "Obert Pobla de Lillet 2016"]
[Site "La Pobla de Lillet ESP"]
[Date "2016.08.06"]
[Round "5.8"]
[White "Masague Artero, G."]
[Black "Sanpera Bonet, JC."]
[Result "0-1"]
[WhiteElo "1747"]
[BlackElo "2074"]
[PlyCount "100"]
[EventDate "2016.08.02"]
[EventType "swiss"]
[EventRounds "9"]
[EventCountry "ESP"]
[SourceTitle "Ajedrez en Madrid"]
[Source "lmi"]
[SourceDate "2016.08.02"]

1. d4 d6 2. Nf3 Bg4 3. e4 Nf6 4. h3 Bh5 5. Nc3 e6 6. Bd3 Nc6 7. g4 Bg6 8. a3
Be7 9. Be3 d5 10. e5 Ne4 11. Ne2 O-O 12. Nf4 Qd7 13. h4 f6 14. h5 Bf7 15. exf6
Bxf6 16. Rg1 Qe7 17. Bxe4 dxe4 18. g5 exf3 19. gxf6 Qxf6 20. Qxf3 Nxd4 21. Qe4
Nf5 22. O-O-O Nxe3 23. fxe3 e5 24. Nd3 Bxh5 25. Rdf1 Qxf1+ 26. Rxf1 Rxf1+ 27.
Kd2 c6 28. Qxe5 Bg6 29. Qe7 Rf7 30. Qc5 Bxd3 31. cxd3 a6 32. Qc4 Raf8 33. Qb3
Kh8 34. Kc3 Re7 35. Qb6 Rfe8 36. a4 h6 37. a5 Rd7 38. e4 Re5 39. b4 Ree7 40.
Kc4 Rd6 41. e5 Rd5 42. e6 Rd6 43. Qf2 Rdxe6 44. Qf8+ Kh7 45. Qf5+ Kg8 46. Qf4
Rd7 47. Qb8+ Kh7 48. Qf8 Red6 49. Qf5+ Kg8 50. Qe4 Rd4+ 0-1

[Event "Obert Pobla de Lillet 2016"]
[Site "La Pobla de Lillet ESP"]
[Date "2016.08.06"]
[Round "5.9"]
[White "Toquero Gracia, P."]
[Black "Simon Padros, E."]
[Result "1/2-1/2"]
[WhiteElo "1940"]
[BlackElo "2191"]
[PlyCount "77"]
[EventDate "2016.08.02"]
[EventType "swiss"]
[EventRounds "9"]
[EventCountry "ESP"]
[SourceTitle "Ajedrez en Madrid"]
[Source "lmi"]
[SourceDate "2016.08.02"]

1. e4 g6 2. d4 Bg7 3. Nf3 d6 4. Bf4 Nf6 5. Bd3 O-O 6. O-O Bg4 7. Nbd2 Nc6 8. c3
e5 9. Be3 d5 10. exd5 Nxd5 11. h3 Nxe3 12. fxe3 Be6 13. Qe2 Re8 14. Qf2 f5 15.
Bc4 e4 16. Ne1 Bxc4 17. Nxc4 b5 18. Nd2 Bh6 19. g3 Qd6 20. Ng2 Rad8 21. Nb3 Ne7
22. Nc5 Qc6 23. Rae1 Nd5 24. Nf4 a5 25. Nxd5 Qxd5 26. b3 Bf8 27. b4 axb4 28.
cxb4 Ra8 29. Re2 Bd6 30. Kg2 Ra3 31. Rc1 Rea8 32. Rcc2 Qf7 33. h4 h6 34. Kh1
Kg7 35. Qg2 h5 36. Qf2 Kh7 37. Kg1 Kg7 38. Red2 Kf8 39. Kg2 1/2-1/2

[Event "Obert Pobla de Lillet 2016"]
[Site "La Pobla de Lillet ESP"]
[Date "2016.08.06"]
[Round "5.10"]
[White "Alsina Franco, S."]
[Black "Junyent Llobet, J."]
[Result "0-1"]
[WhiteElo "1863"]
[BlackElo "2070"]
[PlyCount "102"]
[EventDate "2016.08.02"]
[EventType "swiss"]
[EventRounds "9"]
[EventCountry "ESP"]
[SourceTitle "Ajedrez en Madrid"]
[Source "lmi"]
[SourceDate "2016.08.02"]

1. e4 c5 2. c3 Nf6 3. e5 Nd5 4. d4 d6 5. exd6 Qxd6 6. Nf3 cxd4 7. Bb5+ Nc6 8.
Bxc6+ Qxc6 9. Nxd4 Qa6 10. Qe2 Qxe2+ 11. Kxe2 e5 12. Nb5 Bd7 13. c4 Rc8 14.
N5a3 Nb6 15. b3 Bf5 16. Be3 Nd7 17. Rc1 Nc5 18. Rd1 a6 19. f3 Be7 20. Rd2 O-O
21. Nc2 Rfd8 22. Bxc5 Bxc5 23. Nc3 Rxd2+ 24. Kxd2 Rd8+ 25. Nd5 Be6 26. Nce3
Bxe3+ 27. Kxe3 Bxd5 28. Rd1 f5 29. cxd5 Kf7 30. Rc1 Rd7 31. Rc5 Ke7 32. f4 Kd6
33. b4 Re7 34. fxe5+ Kxe5 35. Kf3 g6 36. g4 fxg4+ 37. Kxg4 Kd6 38. a3 Re3 39.
Ra5 Re5 40. h4 h6 41. Rc5 Rxd5 42. Rc3 b5 43. Rf3 Rd4+ 44. Kg3 Ke5 45. Rc3 Rd6
46. Rc5+ Ke4 47. a4 bxa4 48. Ra5 a3 49. b5 Rd3+ 50. Kg4 axb5 51. Rxb5 h5+ 0-1

[Event "Obert Pobla de Lillet 2016"]
[Site "La Pobla de Lillet ESP"]
[Date "2016.08.06"]
[Round "5.15"]
[White "Corrigüelas Armillas, F."]
[Black "Garcia Galeote, L."]
[Result "1-0"]
[WhiteElo "1980"]
[BlackElo "1962"]
[PlyCount "93"]
[EventDate "2016.08.02"]
[EventType "swiss"]
[EventRounds "9"]
[EventCountry "ESP"]
[SourceTitle "Ajedrez en Madrid"]
[Source "lmi"]
[SourceDate "2016.08.02"]

1. e4 b6 2. d4 Bb7 3. Nc3 e6 4. Nf3 Bb4 5. Bd3 Nf6 6. Qe2 d5 7. exd5 Qxd5 8.
Bd2 Bxc3 9. Bxc3 a5 10. Bd2 O-O 11. c4 Qh5 12. O-O-O Na6 13. h3 Nb4 14. Bb1
Bxf3 15. gxf3 c5 16. Rhg1 cxd4 17. Rg5 Qh4 18. Rdg1 d3 19. Rxg7+ Kh8 20. Bxd3
Rg8 21. Rxg8+ Rxg8 22. Rxg8+ Kxg8 23. Bxb4 axb4 24. Qe5 Qh6+ 25. Kc2 Nd7 26.
Qd6 Nc5 27. Qxb6 Qg5 28. Qb8+ Kg7 29. Qg3 Kf6 30. Qxg5+ Kxg5 31. a3 bxa3 32.
bxa3 Kf4 33. Kc3 f5 34. Be2 Ke5 35. Kb4 Kd6 36. Kb5 e5 37. a4 Ne6 38. Kb6 Nc5
39. a5 Na4+ 40. Ka7 f4 41. Bd3 h6 42. Be4 Kc7 43. Ka6 Nc3 44. Bd5 Kd6 45. Kb7
Na4 46. a6 Nc5+ 47. Kb6 1-0

[Event "Obert Pobla de Lillet 2016"]
[Site "La Pobla de Lillet ESP"]
[Date "2016.08.07"]
[Round "6.1"]
[White "Capellades Subirana, M."]
[Black "Movsziszian, K."]
[Result "1/2-1/2"]
[WhiteElo "2148"]
[BlackElo "2495"]
[PlyCount "39"]
[EventDate "2016.08.02"]
[EventType "swiss"]
[EventRounds "9"]
[EventCountry "ESP"]
[SourceTitle "Ajedrez en Madrid"]
[Source "lmi"]
[SourceDate "2016.08.02"]

1. e4 d6 2. d4 Nf6 3. f3 c6 4. c3 Nbd7 5. Be3 e5 6. Ne2 h5 7. Nd2 Be7 8. Nc1 d5
9. Bd3 dxe4 10. Bxe4 Nxe4 11. Nxe4 O-O 12. Nd3 exd4 13. Bxd4 Nf6 14. Bxf6 Bxf6
15. Nxf6+ Qxf6 16. O-O Bf5 17. Nf2 a5 18. Re1 a4 19. a3 Rfd8 20. Qe2 1/2-1/2

[Event "Obert Pobla de Lillet 2016"]
[Site "La Pobla de Lillet ESP"]
[Date "2016.08.07"]
[Round "6.2"]
[White "Mellado Triviño, J."]
[Black "Uribe Arteaga, D."]
[Result "1/2-1/2"]
[WhiteElo "2427"]
[BlackElo "2301"]
[PlyCount "21"]
[EventDate "2016.08.02"]
[EventType "swiss"]
[EventRounds "9"]
[EventCountry "ESP"]
[SourceTitle "Ajedrez en Madrid"]
[Source "lmi"]
[SourceDate "2016.08.02"]

1. e4 g6 2. d4 Bg7 3. Nc3 c6 4. Nf3 d6 5. h3 Nf6 6. Be3 O-O 7. a4 Nbd7 8. Be2
e5 9. dxe5 dxe5 10. O-O Qe7 11. Nd2 1/2-1/2

[Event "Obert Pobla de Lillet 2016"]
[Site "La Pobla de Lillet ESP"]
[Date "2016.08.07"]
[Round "6.3"]
[White "Cervello Tost, F."]
[Black "Vargas Drechsler, C."]
[Result "1-0"]
[WhiteElo "2322"]
[BlackElo "1925"]
[PlyCount "103"]
[EventDate "2016.08.02"]
[EventType "swiss"]
[EventRounds "9"]
[EventCountry "ESP"]
[SourceTitle "Ajedrez en Madrid"]
[Source "lmi"]
[SourceDate "2016.08.02"]

1. Nf3 Nc6 2. d4 d5 3. g3 Bg4 4. Bg2 Qd7 5. Ne5 Nxe5 6. dxe5 c6 7. O-O h5 8. h4
O-O-O 9. c4 dxc4 10. Qa4 Bxe2 11. Re1 b5 12. Qa6+ Qb7 13. Qxc6+ Qxc6 14. Bxc6
b4 15. Bd2 Bd3 16. Bxb4 e6 17. Bxf8 Rxf8 18. Na3 Ne7 19. Bb5 Kb7 20. Bxc4 Bxc4
21. Nxc4 Nf5 22. Red1 Rd8 23. Nd6+ Nxd6 24. exd6 Rd7 25. Rd3 Rhd8 26. Rad1 Kc6
27. Rc1+ Kb7 28. Rdc3 Rxd6 29. Rc7+ Kb6 30. Rxf7 Rd1+ 31. Rxd1 Rxd1+ 32. Kg2
Rd2 33. Rxg7 Rxb2 34. Rg6 Rxa2 35. Rxe6+ Kc7 36. Re5 a5 37. Rxh5 Kb6 38. Rh6+
Kb5 39. Rh8 a4 40. h5 Rc2 41. h6 Rc7 42. Rb8+ Kc4 43. Ra8 Kb3 44. g4 a3 45. g5
Rh7 46. Kg3 a2 47. Kg4 Rc7 48. Kh5 Rc1 49. h7 a1=Q 50. Rxa1 Rxa1 51. Kh6 Rh1+
52. Kg7 1-0

[Event "Obert Pobla de Lillet 2016"]
[Site "La Pobla de Lillet ESP"]
[Date "2016.08.07"]
[Round "6.4"]
[White "Moya Arau, C."]
[Black "Povill Claros, X."]
[Result "1/2-1/2"]
[WhiteElo "2017"]
[BlackElo "2194"]
[PlyCount "73"]
[EventDate "2016.08.02"]
[EventType "swiss"]
[EventRounds "9"]
[EventCountry "ESP"]
[SourceTitle "Ajedrez en Madrid"]
[Source "lmi"]
[SourceDate "2016.08.02"]

1. e4 c6 2. d4 d5 3. exd5 cxd5 4. Bd3 Nc6 5. c3 Qc7 6. h3 Nf6 7. Nf3 g6 8. O-O
Bf5 9. Re1 Bxd3 10. Qxd3 Bg7 11. Ne5 Nd7 12. Nxd7 Qxd7 13. Bf4 O-O 14. Nd2 Rae8
15. Rad1 f6 16. Bg3 Rd8 17. Nf1 f5 18. Qd2 Rf6 19. Nh2 Re8 20. Nf3 h6 21. Ne5
Qc8 22. h4 e6 23. Bf4 Kh7 24. Re3 Nxe5 25. Bxe5 Rf7 26. Bxg7 Kxg7 27. f4 Qd8
28. g3 g5 29. hxg5 hxg5 30. Rde1 Qf6 31. Qe2 Rfe7 32. Kg2 g4 33. Re5 Kf7 34. c4
Rd8 35. cxd5 Rxd5 36. Rxd5 exd5 37. Qxe7+ 1/2-1/2

[Event "Obert Pobla de Lillet 2016"]
[Site "La Pobla de Lillet ESP"]
[Date "2016.08.07"]
[Round "6.5"]
[White "Sanpera Bonet, JC."]
[Black "Ayza Ballester, J."]
[Result "1/2-1/2"]
[WhiteElo "2074"]
[BlackElo "2168"]
[PlyCount "37"]
[EventDate "2016.08.02"]
[EventType "swiss"]
[EventRounds "9"]
[EventCountry "ESP"]
[SourceTitle "Ajedrez en Madrid"]
[Source "lmi"]
[SourceDate "2016.08.02"]

1. e4 c5 2. a3 g6 3. b4 Bg7 4. Nc3 d6 5. Nf3 Nf6 6. Rb1 O-O 7. d4 cxd4 8. Nxd4
Nc6 9. Bb2 Nxd4 10. Qxd4 Be6 11. Be2 a5 12. Qd2 axb4 13. axb4 Qb6 14. O-O Rfc8
15. Nd5 Nxd5 16. Bxg7 Kxg7 17. exd5 Bf5 18. Rb2 Rc7 19. c4 1/2-1/2

[Event "Obert Pobla de Lillet 2016"]
[Site "La Pobla de Lillet ESP"]
[Date "2016.08.07"]
[Round "6.6"]
[White "Renteria Becerra, J."]
[Black "Collell Rodriguez, V."]
[Result "1/2-1/2"]
[WhiteElo "2264"]
[BlackElo "1860"]
[PlyCount "46"]
[EventDate "2016.08.02"]
[EventType "swiss"]
[EventRounds "9"]
[EventCountry "ESP"]
[SourceTitle "Ajedrez en Madrid"]
[Source "lmi"]
[SourceDate "2016.08.02"]

1. e4 e5 2. Nf3 Nc6 3. Bb5 f5 4. d3 fxe4 5. dxe4 Nf6 6. Qe2 Bc5 7. Bxc6 bxc6 8.
Nxe5 Qe7 9. Nd3 Ba6 10. Nd2 O-O 11. Nb3 Bb6 12. e5 Rae8 13. f4 Nd5 14. Qe4 d6
15. c4 Nf6 16. Qxc6 dxe5 17. fxe5 Ng4 18. Qd5+ Kh8 19. Bd2 Nxe5 20. O-O-O Bxc4
21. Qxe5 Qxe5 22. Nxe5 Rxe5 23. Bc3 Re2 1/2-1/2

[Event "Obert Pobla de Lillet 2016"]
[Site "La Pobla de Lillet ESP"]
[Date "2016.08.07"]
[Round "6.7"]
[White "Travesset Ribera, D."]
[Black "Gabarro Sole, R."]
[Result "1-0"]
[WhiteElo "2139"]
[BlackElo "2058"]
[PlyCount "111"]
[EventDate "2016.08.02"]
[EventType "swiss"]
[EventRounds "9"]
[EventCountry "ESP"]
[SourceTitle "Ajedrez en Madrid"]
[Source "lmi"]
[SourceDate "2016.08.02"]

1. Nf3 c5 2. c4 Nc6 3. Nc3 g6 4. g3 Bg7 5. Bg2 Nh6 6. h4 d6 7. d3 Bg4 8. Bd2
Rb8 9. Qc1 Ng8 10. Nd5 Bxf3 11. Bxf3 Nd4 12. Bg2 h5 13. Bc3 e6 14. Nf4 Nf6 15.
b4 O-O 16. e3 Nc6 17. b5 Ne5 18. O-O Qe7 19. Qc2 Rfd8 20. a4 Neg4 21. Rac1 Rbc8
22. Qa2 Kh8 23. Qb2 d5 24. Rfd1 b6 25. a5 Kg8 26. axb6 axb6 27. Ra1 dxc4 28.
dxc4 e5 29. Nd5 Nxd5 30. Bxd5 g5 31. hxg5 Qxg5 32. Bf3 f6 33. Qe2 f5 34. Rxd8+
Rxd8 35. Rd1 Rxd1+ 36. Qxd1 Nxe3 37. Qd2 f4 38. fxe3 fxe3 39. Qd5+ Kf8 40. Qd6+
Kg8 41. Qb8+ Kh7 42. Be4+ Kh6 43. Qd6+ Bf6 44. Qf8+ Bg7 45. Qd6+ Bf6 46. Be1 e2
47. Qd2 h4 48. Qxg5+ Kxg5 49. Bf3 hxg3 50. Bxg3 e1=Q+ 51. Bxe1 Kf4 52. Kg2 e4
53. Bd2+ e3 54. Be1 Bd8 55. Bg3+ Kf5 56. Kf1 1-0

[Event "Obert Pobla de Lillet 2016"]
[Site "La Pobla de Lillet ESP"]
[Date "2016.08.07"]
[Round "6.8"]
[White "Junyent Llobet, J."]
[Black "Perez Garcia, A."]
[Result "0-1"]
[WhiteElo "2070"]
[BlackElo "2073"]
[PlyCount "98"]
[EventDate "2016.08.02"]
[EventType "swiss"]
[EventRounds "9"]
[EventCountry "ESP"]
[SourceTitle "Ajedrez en Madrid"]
[Source "lmi"]
[SourceDate "2016.08.02"]

1. e4 c6 2. d4 d5 3. Nc3 dxe4 4. Nxe4 Nd7 5. Bc4 Ngf6 6. Qe2 Nxe4 7. Qxe4 Nf6
8. Qh4 Bf5 9. c3 e6 10. Nf3 Be7 11. O-O O-O 12. Qf4 Nd5 13. Qd2 Qc7 14. Re1
Rfd8 15. h3 c5 16. Qe2 Rac8 17. Bb3 Bf6 18. dxc5 Qxc5 19. Bg5 Bxg5 20. Nxg5 Nf4
21. Qf3 Nd3 22. Re3 Ne5 23. Qg3 Nc4 24. Re2 Rd5 25. Ne4 Qe7 26. Bxc4 Rxc4 27.
Rae1 Bg6 28. Qb8+ Rd8 29. Qxa7 Qc7 30. Nd2 Rc5 31. Nb3 Rcd5 32. Qe3 Qc4 33. Qf3
Qa4 34. Nc1 h6 35. b3 Qa5 36. Re3 Qb6 37. Ne2 e5 38. c4 e4 39. Qf4 Rf5 40. Qh4
Qd6 41. Ng3 Rf4 42. Nxe4 Rxh4 43. Nxd6 Rxd6 44. Re8+ Kh7 45. R8e7 Ra6 46. Rxb7
Rxa2 47. Rc1 Re4 48. f3 Rd4 49. Rc7 Rdd2 0-1

[Event "Obert Pobla de Lillet 2016"]
[Site "La Pobla de Lillet ESP"]
[Date "2016.08.07"]
[Round "6.9"]
[White "Gonzalez Rodriguez, JA."]
[Black "Barcelo Sola, D."]
[Result "1-0"]
[WhiteElo "2306"]
[BlackElo "2022"]
[PlyCount "75"]
[EventDate "2016.08.02"]
[EventType "swiss"]
[EventRounds "9"]
[EventCountry "ESP"]
[SourceTitle "Ajedrez en Madrid"]
[Source "lmi"]
[SourceDate "2016.08.02"]

1. c4 e5 2. Nc3 Nf6 3. g3 d5 4. cxd5 Nxd5 5. Bg2 Nb6 6. Nf3 Nc6 7. O-O Be7 8.
a3 g5 9. d3 g4 10. Nd2 Nd4 11. b4 c6 12. Bb2 Be6 13. e3 Nf5 14. Qc2 O-O 15.
Nce4 Nd7 16. Nc4 f6 17. Rfd1 Nb6 18. Na5 Qc7 19. Rac1 a6 20. Qe2 Ng7 21. d4
exd4 22. Bxd4 Nd7 23. Ba1 f5 24. Nc3 Nf6 25. e4 f4 26. Nd5 Bxd5 27. exd5 f3 28.
Qa2 Kh8 29. Bf1 Rad8 30. dxc6 Rxd1 31. Rxd1 bxc6 32. Qc4 c5 33. Nb3 Nf5 34.
Nxc5 a5 35. Qxg4 Bxc5 36. Qxf5 Bxf2+ 37. Kxf2 Qf7 38. Bxf6+ 1-0

[Event "Obert Pobla de Lillet 2016"]
[Site "La Pobla de Lillet ESP"]
[Date "2016.08.07"]
[Round "6.10"]
[White "Simon Padros, E."]
[Black "Tardio Fran, E."]
[Result "1-0"]
[WhiteElo "2191"]
[BlackElo "1845"]
[PlyCount "125"]
[EventDate "2016.08.02"]
[EventType "swiss"]
[EventRounds "9"]
[EventCountry "ESP"]
[SourceTitle "Ajedrez en Madrid"]
[Source "lmi"]
[SourceDate "2016.08.02"]

1. e4 c5 2. Nc3 Nc6 3. g3 g6 4. Bg2 Bg7 5. f4 d6 6. d3 Nf6 7. Nf3 O-O 8. O-O
Bg4 9. h3 Bxf3 10. Qxf3 Nd4 11. Qf2 Rb8 12. Nd1 Nd7 13. c3 Nc6 14. Be3 Qc7 15.
Rc1 b5 16. d4 Na5 17. b3 Rbc8 18. e5 Nb7 19. Qf3 Nd8 20. Nf2 c4 21. Qe2 a5 22.
Ne4 d5 23. Nd2 Nb6 24. bxc4 bxc4 25. f5 gxf5 26. Rxf5 Ne6 27. Qg4 f6 28. exf6
exf6 29. Rxd5 Qe7 30. Rf5 Nc5 31. Bh6 Nd3 32. Rb1 Na4 33. Rb7 Rc7 34. Rxc7 Qxc7
35. Bd5+ Kh8 36. Bxg7+ Qxg7 37. Qxg7+ Kxg7 38. Bxc4 Ndb2 39. Rxa5 Nxc3 40. Ra7+
Kh6 41. Bf1 Rd8 42. Nf3 Nbd1 43. Bd3 Rh8 44. Kh2 Ne3 45. g4 Ncd1 46. Kg3 f5 47.
Bxf5 Nxf5+ 48. gxf5 Ne3 49. Kf4 Ng2+ 50. Ke4 Re8+ 51. Ne5 Nh4 52. f6 Rf8 53.
Ng4+ Kg5 54. Rxh7 Ng6 55. Rg7 Re8+ 56. Kd5 Rd8+ 57. Ke6 Re8+ 58. Kd7 Ra8 59.
Ne5 Ra7+ 60. Ke6 Ra6+ 61. Kd5 Ra5+ 62. Ke4 Kxf6 63. Rxg6+ 1-0

[Event "Obert Pobla de Lillet 2016"]
[Site "La Pobla de Lillet ESP"]
[Date "2016.08.07"]
[Round "6.17"]
[White "Garcia Galeote, L."]
[Black "De las Heras Aixandri, G."]
[Result "0-1"]
[WhiteElo "1992"]
[BlackElo "1776"]
[PlyCount "104"]
[EventDate "2016.08.02"]
[EventType "swiss"]
[EventRounds "9"]
[EventCountry "ESP"]
[SourceTitle "Ajedrez en Madrid"]
[Source "lmi"]
[SourceDate "2016.08.02"]

1. d4 e6 2. Nf3 d5 3. c4 Be7 4. Nc3 Nf6 5. Bg5 h6 6. Bxf6 Bxf6 7. e3 O-O 8. Qc2
a6 9. O-O-O c6 10. h4 b5 11. c5 Nd7 12. g4 g6 13. g5 hxg5 14. hxg5 Bg7 15. e4
b4 16. Ne2 e5 17. exd5 cxd5 18. Ng3 e4 19. Nxe4 dxe4 20. Qxe4 Nxc5 21. dxc5 Qa5
22. Nd4 Qxa2 23. Bh3 Bxh3 24. Rxh3 Rad8 25. Rhd3 Qa1+ 26. Kc2 b3+ 27. Rxb3
Qxd1+ 28. Kxd1 Rxd4+ 29. Qxd4 Bxd4 30. c6 Rc8 31. Rb4 Bxf2 32. Rc4 Be3 33. Ke2
Bxg5 34. Kd3 Kf8 35. Ke4 Ke7 36. Kd5 Kd8 37. Rb4 Rc7 38. Rb8+ Rc8 39. Rb7 Rc7
40. Rb8+ Ke7 41. Ra8 f5 42. Rxa6 f4 43. b4 f3 44. b5 f2 45. Ra1 Be3 46. Ke4 Bb6
47. Kf3 Ra7 48. Rd1 Ra3+ 49. Kg2 Rb3 50. Rd7+ Ke6 51. Rg7 Kf6 52. Rb7 Rg3+ 0-1

[Event "Obert Pobla de Lillet 2016"]
[Site "La Pobla de Lillet ESP"]
[Date "2016.08.08"]
[Round "7.1"]
[White "Movsziszian, K."]
[Black "Sanpera Bonet, JC."]
[Result "1-0"]
[WhiteElo "2495"]
[BlackElo "2074"]
[PlyCount "45"]
[EventDate "2016.08.02"]
[EventType "swiss"]
[EventRounds "9"]
[EventCountry "ESP"]
[SourceTitle "Ajedrez en Madrid"]
[Source "lmi"]
[SourceDate "2016.08.02"]

1. g3 e5 2. c4 Nc6 3. Bg2 Bc5 4. a3 a5 5. Nc3 Nf6 6. e3 d6 7. Nge2 h6 8. O-O
O-O 9. d4 exd4 10. exd4 Bb6 11. h3 Bf5 12. g4 Bh7 13. g5 Nh5 14. gxh6 Qh4 15.
Nd5 Bxd4 16. Nxd4 Nxd4 17. hxg7 Kxg7 18. Nf4 Nc2 19. Nxh5+ Kh8 20. Rb1 Rg8 21.
Ng3 Nxa3 22. bxa3 Bxb1 23. Bb2+ 1-0

[Event "Obert Pobla de Lillet 2016"]
[Site "La Pobla de Lillet ESP"]
[Date "2016.08.08"]
[Round "7.2"]
[White "Uribe Arteaga, D."]
[Black "Cervello Tost, F."]
[Result "1-0"]
[WhiteElo "2301"]
[BlackElo "2322"]
[PlyCount "135"]
[EventDate "2016.08.02"]
[EventType "swiss"]
[EventRounds "9"]
[EventCountry "ESP"]
[SourceTitle "Ajedrez en Madrid"]
[Source "lmi"]
[SourceDate "2016.08.02"]

1. d4 Nf6 2. c4 e6 3. Nc3 Bb4 4. f3 c5 5. a3 Bxc3+ 6. bxc3 d5 7. cxd5 exd5 8.
e3 O-O 9. Bd3 Re8 10. Ne2 b6 11. O-O Ba6 12. Ng3 Bxd3 13. Qxd3 Nbd7 14. Bb2 Nf8
15. e4 dxe4 16. fxe4 Ng6 17. Qf3 Qd7 18. e5 Nd5 19. Nf5 cxd4 20. cxd4 Ndf4 21.
Qg4 Qb5 22. Rxf4 Qxb2 23. Raf1 Qxa3 24. R4f3 Qb4 25. h4 Rxe5 26. h5 Re1 27.
hxg6 hxg6 28. Nh4 Rd8 29. Rxf7 Rxf1+ 30. Rxf1 Qxd4+ 31. Qxd4 Rxd4 32. Nxg6 Rd7
33. Kh2 a5 34. Rb1 Rb7 35. Ne5 a4 36. Nc4 Rb8 37. Rb4 b5 38. Na3 g6 39. Rxb5
Ra8 40. Rb7 Ra5 41. Rb5 Ra7 42. g3 Kf7 43. Kh3 Kg7 44. Kg4 Kh6 45. Rb4 Ra6 46.
Rb1 Rd6 47. Nb5 Rb6 48. Nc3 Rc6 49. Ne4 a3 50. Rh1+ Kg7 51. Ra1 Ra6 52. Ra2 Kh6
53. Nc3 g5 54. Nb1 Ra4+ 55. Kh3 Rb4 56. Nxa3 Ra4 57. Ra1 Kh5 58. Nc2 Re4 59.
Re1 Ra4 60. Re2 Rc4 61. Ne3 Re4 62. g4+ Kg6 63. Kg3 Ra4 64. Rb2 Kf6 65. Rb5 Ra3
66. Kf3 Ra6 67. Nc4 Kg6 68. Rb6+ 1-0

[Event "Obert Pobla de Lillet 2016"]
[Site "La Pobla de Lillet ESP"]
[Date "2016.08.08"]
[Round "7.3"]
[White "Povill Claros, X."]
[Black "Capellades Subirana, M."]
[Result "0-1"]
[WhiteElo "2194"]
[BlackElo "2148"]
[PlyCount "66"]
[EventDate "2016.08.02"]
[EventType "swiss"]
[EventRounds "9"]
[EventCountry "ESP"]
[SourceTitle "Ajedrez en Madrid"]
[Source "lmi"]
[SourceDate "2016.08.02"]

1. d4 Nf6 2. Bg5 d5 3. Bxf6 exf6 4. e3 c6 5. g3 Bf5 6. Bg2 Qb6 7. Qc1 Na6 8. a3
Be7 9. Ne2 h5 10. h3 Qc7 11. c4 Be4 12. Bxe4 dxe4 13. Nbc3 f5 14. Qc2 Qd7 15.
Rg1 g6 16. g4 hxg4 17. hxg4 fxg4 18. Qxe4 f5 19. Qe5 O-O-O 20. c5 Bh4 21. Qh2
Bf6 22. Qg2 Nxc5 23. dxc5 Qd2+ 24. Kf1 Bxc3 25. Nxc3 Qxb2 26. Re1 Qxc3 27. Qg3
Qc4+ 28. Kg2 Qe4+ 29. Kf1 g5 30. f3 Qc4+ 31. Re2 Rh3 32. Qe1 Rxf3+ 33. Kg2 Qe4
0-1

[Event "Obert Pobla de Lillet 2016"]
[Site "La Pobla de Lillet ESP"]
[Date "2016.08.08"]
[Round "7.4"]
[White "Moya Arau, C."]
[Black "Mellado Triviño, J."]
[Result "0-1"]
[WhiteElo "2017"]
[BlackElo "2427"]
[PlyCount "50"]
[EventDate "2016.08.02"]
[EventType "swiss"]
[EventRounds "9"]
[EventCountry "ESP"]
[SourceTitle "Ajedrez en Madrid"]
[Source "lmi"]
[SourceDate "2016.08.02"]

1. e4 e5 2. Nf3 Nc6 3. d4 exd4 4. Nxd4 Bc5 5. Nb3 Bb6 6. Nc3 Nf6 7. Bg5 h6 8.
Bh4 d6 9. Bd3 Be6 10. Qe2 g5 11. Bg3 Qe7 12. O-O-O O-O-O 13. Bb5 Bxb3 14. Bxc6
Be6 15. Bb5 Nd7 16. Bxd7+ Qxd7 17. Nd5 Bxd5 18. Rxd5 Rhe8 19. Qd3 Qa4 20. e5
Qxa2 21. Qf5+ Kb8 22. exd6 Qa1+ 23. Kd2 Qxh1 24. dxc7+ Bxc7 25. Qe4 Rxd5+ 0-1